000 00727cam a22002533a 4500
001 4553
003 PGUSA
005 20140828083058.0
008 031001s2003||||xxu|||||s|||||000 1 eng d
040 _aPGUSA
_beng
042 _adc
050 4 _aPS
100 1 _aEvans, Augusta J.
_q(Augusta Jane),
_d1835-1909
245 1 0 _aSt. Elmo
_h[electronic resource] /
_cAugusta J. Evans
260 _bProject Gutenberg,
_c2003
506 _aPublic domain in the USA.
516 _aElectronic text
653 _aWar stories
653 _aDomestic fiction
653 _aAlabama -- History -- Civil War, 1861-1865 -- Fiction
830 0 _aProject Gutenberg
_v4553
856 4 0 _uhttp://www.gutenberg.org/ebooks/4553
942 _cEB
999 _c233882
_d233882